000 01000cad a22002415a 4500
001 E151387
008 101101s2008 xxk f 100 0 eng d
020 _a9781842194348
035 _a(Sirsi) u151387
041 0 _aeng
100 1 _aPeschel, Jason B.
111 2 _aConstruction and Building Research Conference
_cDublin Institute of Technology, Dublin
_d4-5 September 2008
245 0 0 _aIntegrated education
_bmethods of integrating architecture & construction management curricula for real world application
_h[electronic resource]
260 _aLondon
_bRICS
_c2008
520 _aA paper presented at the COBRA Conference 2008 in Dublin.
590 _aKA
650 2 4 _aCONSTRUCTION AND BUILDING RESEARCH CONFERENCE (COBRA)
651 4 _aUnited States
_y1959-
690 _aCAREERS, EDUCATION AND TRAINING
700 1 _aKirk, W. Max
856 4 0 _uhttps://www.rics.org/site/scripts/download_info.aspx?fileID=4563&categoryID=525
_zView the item free of charge at www.rics.org
942 _n0
999 _c111329
_d111329